000 01725nam2a22002291 4500
001 v19\rc\2046822
005 20250620021325.0
035 _a(NLR Aleph) 005126096
090 _a7637334
_c7637334
100 _a20081111d1910 |||y0rusy50 ca
101 0 _arus
102 _aRU
105 _ay z |||||
200 0 _a... с 1 января 1909 г. по 1 января 1910 года
210 _d1910
_aБ. м.
215 _a10 с.
461 0 _1001v19\rc\2046819
_12001#$aСведения о приходе и расходе сумм и поступивших пожертвований: иконами, вещами и материалами в Церковно-строительную комиссию по сооружению храма во имя св. Троицы в поселке общества "Самопомощь"...$v... с 1 января 1909 г. по 1 января 1910 года
_97637313
_aЦерковно-строительная комиссия по сооружению храма во имя св. Троицы в пос. общества "Самопомощь"
_c[Санкт-Петербург]
_d1905-1910
_nтип. М.Д. Ломковского
_tСведения о приходе и расходе сумм и поступивших пожертвований: иконами, вещами и материалами в Церковно-строительную комиссию по сооружению храма во имя св. Троицы в поселке общества "Самопомощь"...
_v... с 1 января 1909 г. по 1 января 1910 года
801 0 _aRU
_bNLR
_gpsbo
801 1 _aRU
_bProSoft-M
_2rusmarc
852 _aNLR
_j18.285.8.241
942 _cBOOK
980 _aNB